000 00967cam a2200289 a 4500
999 _c127167
_d127167
001 12087514
003 ARRUPE
005 20171030125213.0
008 000630s1999 stk 000 1 eng
010 _a 00363470
020 _a074866257X
040 _aDLC
_cDLC
_dDLC
043 _ae-uk-st
050 0 0 _aPR-541-1
082 0 0 _a823/.914
_221
100 1 _aAboulela, Leila,
_d1964-
_937346
245 1 4 _aThe translator /
_cLeila Aboulela.
260 _aEdinburgh :
_bPolygon,
_cc1999.
300 _a184 p. ;
_c22 cm.
650 0 _aSudanese
_zScotland
_vFiction.
_937347
650 0 _aWomen translators
_vFiction.
_937348
650 0 _aWidows
_vFiction.
_937349
651 0 _aScotland
_vFiction.
_910822
655 7 _aLove stories.
_2gsafd
_937350
906 _a7
_bcbc
_corignew
_d3
_encip
_f20
_gy-gencatlg
942 _2lcc
_cMONOGRAPH